|
|
|
|
| LEADER |
00000nam2a2200000 4500 |
| 001 |
377660 |
| 005 |
20231207104359.0 |
| 035 |
|
|
|a (RuTPU)RU\TPU\retro\35112
|
| 035 |
|
|
|a RU\TPU\book\379130
|
| 090 |
|
|
|a 377660
|
| 100 |
|
|
|a 20230323d2022 k y0rusy50 ca
|
| 101 |
0 |
|
|a rus
|a eng
|
| 102 |
|
|
|a RU
|
| 105 |
|
|
|a a z 001zy
|
| 200 |
0 |
|
|a Т. 333, № 12
|
| 210 |
|
|
|d 2022
|
| 215 |
|
|
|a 229 с.
|c ил.
|
| 320 |
|
|
|a Библиография в конце статей
|
| 330 |
|
|
|a "Известия Томского политехнического университета. Инжиниринг георесурсов" публикует оригинальные работы, обзорные статьи, очерки и обсуждения, охватывающие последние достижения в области геологии, разведки и добычи полезных ископаемых, технологии транспортировки и глубокой переработки природных ресурсов, энергоэффективного производства и преобразования энергии на основе полезных ископаемых, а также безопасной утилизации геоактивов.
|
| 461 |
|
1 |
|0 (RuTPU)RU\TPU\book\353411
|t Известия Томского политехнического университета [Известия ТПУ]. Инжиниринг георесурсов
|l Bulletin of the Tomsk Polytechnic University. Geo Assets Engineering
|f Национальный исследовательский Томский политехнический университет (ТПУ)
|v Т. 333, № 12
|d 2015-
|
| 606 |
1 |
|
|a Научно-технический потенциал
|2 stltpush
|3 (RuTPU)RU\TPU\subj\45166
|9 64427
|
| 610 |
1 |
|
|a труды учёных ТПУ
|
| 610 |
1 |
|
|a литий
|
| 610 |
1 |
|
|a литиевое сырье
|
| 610 |
1 |
|
|a Россия
|
| 610 |
1 |
|
|a противопесочные фильтры
|
| 610 |
1 |
|
|a углеродные графитоподобные наноматериалы
|
| 610 |
1 |
|
|a асфальтены
|
| 610 |
1 |
|
|a отходы
|
| 610 |
1 |
|
|a бентонитовые глины
|
| 610 |
1 |
|
|a высокое давление
|
| 610 |
1 |
|
|a структурные изменения
|
| 610 |
1 |
|
|a каолинит
|
| 610 |
1 |
|
|a коры выветривания
|
| 610 |
1 |
|
|a изотопы водорода
|
| 610 |
1 |
|
|a изотопы кислорода
|
| 610 |
1 |
|
|a слаборадоновые воды
|
| 610 |
1 |
|
|a медные минеральные ассоциации
|
| 610 |
1 |
|
|a Бараньевское месторождение
|
| 610 |
1 |
|
|a Центральная Камчатка
|
| 610 |
1 |
|
|a море Лаптевых
|
| 610 |
1 |
|
|a аутигенные пириты
|
| 610 |
1 |
|
|a пласты
|
| 610 |
1 |
|
|a дренирование
|
| 610 |
1 |
|
|a твердые органические топлива
|
| 610 |
1 |
|
|a СВЧ-пиролиз
|
| 675 |
|
|
|a 62
|v 4
|
| 801 |
|
1 |
|a RU
|b 63413507
|c 20200303
|
| 801 |
|
2 |
|a RU
|b 63413507
|c 20230331
|g RCR
|
| 942 |
|
|
|c CR
|